La sombra del caballero: (Registro nro. 14506)

Detalles MARC
000 -LIDER
fixed length control field 01241nam a22003377a 4500
003 - IDENTIFICACDOR DE NÚMERO DE CONTROL
control field DO-SdBPM
005 - DATE AND TIME OF LATEST TRANSACTION
control field 20250313101318.0
007 - CAMPOS FIJOS DE DESCRIPCIÓN FÍSICA
fixed length control field ta
008 - ELEMENTOS DE LONGITUD FIJA
fixed length control field 210917e2019 dr a|||jr|||| 00| jdspa d
020 ## - ISBN
International Standard Book Number 9789945198102
040 ## - FUENTE DE CATALOGACIÓN
Agencia que crea de manera original el registro DO-SdBPM
Idioma de catalogación spa
Agencia que realiza la transcripción BPMSU
082 #4 - NÚMERO DE CLASIFICACIÓN DECIMAL DE DEWEY
Classification number A863.44
Item number S127s 2019
Edition number 22
100 1# - ASIENTO PRINCIPAL -- NOMBRE PERSONAL
Nombre personal Sáenz Briones , Pablo María
Fechas asociadas con el nombre 1960-
245 13 - MENCIÓN DE TITULO
Título La sombra del caballero:
Subtítulo relatos con amor e imaginación /
Mención de responsabilidad Pablo María Sáenz; Luis Beiro Álvarez, ed.; Guillermo Pérez, Tulio Matos y Ruddy Núñez, il.
260 ## - PUBLICACIÓN, DISTRIBUCIÓN, ETC. (PIE DE IMPRENTA)
Lugar de publicación, distribución, etc Santo Domingo :
Nombre del editor, distribuidor, etc. Santillana Infantil y Juvenil,
Fecha de publicación, distribución, etc 2019
300 ## - DESCRIPCIÓN FÍSICA
Extensión 137 p. [3 p.]:
Otros detalles físicos il.;
Dimensiones 20 cm
490 0# - MENCIÓN DE SERIES
Mención de serie LoQueleo;
-- Naranja / Narrativa,
Volume/sequential designation 10
500 ## - NOTA GENERAL
Nota general Incluye datos biográficos del autor, p. [139].
590 ## - NOTA LOCAL
Texto de la nota local Inventariado 2023/VM
650 #4 - ENCABEZAMIENTO DE MATERIA--TEMÁTICO
Término temático o nombre geográfico como elemento de entrada Cuentos juveniles argentinos
650 #4 - ENCABEZAMIENTO DE MATERIA--TEMÁTICO
Término temático o nombre geográfico como elemento de entrada Literatura juvenil argentina
700 1# - ASIENTO SECUNDARIO -- NOMBRE PERSONAL
Nombre personal Beiro Álvarez, Luis
Fechas asociadas con el nombre 1950-
Mención de responsabilidad editor
700 12 - ASIENTO SECUNDARIO -- NOMBRE PERSONAL
Nombre personal Pérez, Guillermo,
Mención de responsabilidad il.
700 12 - ASIENTO SECUNDARIO -- NOMBRE PERSONAL
Nombre personal Matos Rodríguez, Tulio A.,
Fechas asociadas con el nombre 1963-
700 #2 - ASIENTO SECUNDARIO -- NOMBRE PERSONAL
Nombre personal Núñez , Rudy,
Mención de responsabilidad il.
700 z# - ASIENTO SECUNDARIO -- NOMBRE PERSONAL
Nombre personal Alvarez, Luis Beiro
700 z# - ASIENTO SECUNDARIO -- NOMBRE PERSONAL
Nombre personal Beiro Luis
700 z# - ASIENTO SECUNDARIO -- NOMBRE PERSONAL
Nombre personal Rodríguez, Tulio A. Matos,
Fechas asociadas con el nombre 1963-
910 ## - VALIDACIÓN
Validación VMateo V. Control de calidad. BPMSU
942 ## - ADDED ENTRY ELEMENTS (KOHA)
Source of classification or shelving scheme Dewey Decimal Classification
Koha item type Libros
Existencias
Withdrawn status Lost status Source of classification or shelving scheme Damaged status Not for loan Collection code Home library Current library Date acquired Total Checkouts Full call number Barcode Date last seen Price effective from Koha item type
    Dewey Decimal Classification     Colección Juvenil Dominicana Biblioteca Pública Metropolitana Salomé Ureña Biblioteca Pública Metropolitana Salomé Ureña 12/11/2023   BPMSU CJD A863.44 S127s 2019 BPMSU23120022 12/11/2023 12/11/2023 Libros